000 00721nam a22002177a 4500
999 _c8659
_d8659
003 AR-CdUCM
008 190325b ||||| |||| 00| 0 spa d
020 _a9786124659683
040 _aMUNICIPALIDAD PROVINCIAL DEL CUSCO
_cBIBLIOTECA MUNICIPAL DEL CUSCO
082 _a869.56 /
_bI961
100 _aIwaki Ordóñez, Rubén
_910424
245 _aHacienda Patria, la novia de k'osñipata /
260 _aLima :
_bAPJ,
_c2017.
300 _a93 páginas ;
_c20 cm.
505 _aEl embarque y la travesía -- La llegada -- Buscando otros horizontes -- Barraca Carmen...
650 _aLiteratura.
_983
650 _aLiteratura cusqueña.
_9164
650 _aHacienda Patria.
_924203
942 _2ddc
_cLIBROS
945 _awfj